000 00772nam a2200253 i 4500
001 91865
003 ES-MaACL
005 20231220194707.0
007 t|
008 050224s2003 sp |||| | spa d
020 _a84-7954-633-6
080 _a081 Galán, Ilia
100 1 _aGalán, Ilia,
_d1966-
_9234259
245 1 0 _aArte, sociedad y mundo
_b: (una filosofía práctica en pequeñas dosis) /
_cIlia Galán.
250 _a1ª ed.
260 _aMadrid :
_bLibertarias/Prodhufi,
_c2003.
300 _a221 p. ;
_c20 cm.
490 1 _aEnsayo ;
_v133
650 0 4 _aFilosofía-
_vObras de divulgación.
_912819
650 4 _aArte y sociedad-
_yS.XX.
_9179781
830 0 _aEnsayo ;
_v133
_9177699
852 4 _aES-MaACL
_jL-28902
999 _c91865
_d91865